Diccionari de l' utillatge químic /
Descripción Física:
60 p. : il. ; 25 cm
Colección:
Arxius de la Secció de Ciències ; 57
MARC
| LEADER | 00000nam a2200000Ia 4500 | ||
|---|---|---|---|
| 001 | 8937 | ||
| 008 | 160829s1977 xx 000 0 cat d | ||
| 080 | |a C-1-207 | ||
| 100 | |a Alegret, Salvador |9 19663 | ||
| 245 | |a Diccionari de l' utillatge químic / |c Salvador Alegret i Sanromà | ||
| 260 | |a Barcelona : |b Institut d' Estudis Catalans, Secció de Ciències, |c 1977 | ||
| 300 | |a 60 p. : |b il. ; |c 25 cm | ||
| 490 | |a Arxius de la Secció de Ciències ; 57 | ||
| 590 | |a Premi Marià Aguiló, 1975 | ||
| 650 | |a Química |x Aparells i instruments |x Terminologia |9 19664 | ||
| 710 | 1 | |a Institut d'Estudis Catalans. |b Secció de Ciències |9 54840 | |
| 901 | |a Arxiu | ||
| 942 | |n 1 | ||
| 952 | |0 0 |1 0 |4 0 |6 C1207 |7 1 |9 41299 |a Arxiu |b Arxiu |d 2016-12-01 |l 0 |o C-1-207 |p 8937 |r 2016-12-01 00:00:00 |w 2016-12-01 |y ARXIU | ||
| 999 | |c 43082 |d 43082 | ||